Esta España nuestra : (Record no. 194131)

MARC details
000 -LEADER
campo de control de longitud fija 02759nam a2200361 i 4500
001 - NÚMERO DE CONTROL
campo de control 194131
003 - IDENTIFICADOR DE NÚMERO DE CONTROL
campo de control SpMaBN
005 - FECHA Y HORA DE LA ÚLTIMA TRANSACCIÓN
campo de control 20250526063016.0
008 - DATOS DE LONGITUD FIJA--INFORMACIÓN GENERAL
campo de control de longitud fija 240226s2021 sp a | |||| 000 0 spa
015 ## - NÚMERO DE BIBLIOGRAFÍA NACIONAL
Número de bibliografía nacional MON21
017 ## - NÚMERO DE COPYRIGHT O DE DEPÓSITO LEGAL
Número de copyright o de depósito legal B 15152-23021
Agencia que asigna Oficina Depósito Legal Barcelona
020 ## - NÚMERO INTERNACIONAL ESTÁNDAR DEL LIBRO
Número Internacional Estándar del Libro 9788401026102
040 ## - FUENTE DE CATALOGACIÓN
Centro catalogador/agencia de origen SpMaBN
Lengua de catalogación spa
Centro/agencia transcriptor SpMaBN
Normas de descripción rda
080 ## - NÚMERO DE LA CLASIFICACIÓN DECIMAL UNIVERSAL
Número de la Clasificación Decimal Universal 32(460)"20"
100 1# - ENTRADA PRINCIPAL--NOMBRE DE PERSONA
Nombre de persona Arias, Inocencio,
Fechas asociadas al nombre 1940-
9 (RLIN) 22748
Término indicativo de función/relación Autor
245 10 - MENCIÓN DEL TÍTULO
Título Esta España nuestra :
Resto del título mentiras, la nueva Guerra Fría y el tahúr de Moncloa /
Mención de responsabilidad, etc. Inocencio F. Arias ; ilustraciones de Ana A. Winogradow
250 ## - MENCION DE EDICION
Mención de edición Primera edición: noviembre de 2021
264 #1 - PRODUCCIÓN, PUBLICACIÓN, DISTRIBUCIÓN, FABRICACIÓN Y COPYRIGHT
Producción, publicación, distribución, fabricación y copyright [Barcelona] :
Nombre del de productor, editor, distribuidor, fabricante Plaza & Janés,
Fecha de producción, publicación, distribución, fabricación o copyright [2021]
264 #4 - PRODUCCIÓN, PUBLICACIÓN, DISTRIBUCIÓN, FABRICACIÓN Y COPYRIGHT
Fecha de producción, publicación, distribución, fabricación o copyright ©2021
300 ## - DESCRIPCIÓN FÍSICA
Extensión 411 páginas :
Otras características físicas ilustraciones (blanco y negro) ;
Dimensiones 23 cm
336 ## - TIPO DE CONTENIDO
Término de tipo de contenido Texto
-- Imagen fija
Fuente rdacontent
337 ## - TIPO DE MEDIO
Nombre/término del tipo de medio sin mediación
Fuente rdamedia
338 ## - TIPO DE SOPORTE
Nombre/término del tipo de soporte volumen
Fuente rdacarrier
500 ## - NOTA GENERAL
Nota general Índice onomástico
520 ## - RESUMEN, ETC.
Sumario, etc. Cuando «el inquilino de Moncloa» pregonó durante los peores momentos de la pandemia que tras esta «saldríamos mejores», no quiso ver la obviedad de lo que se avecinaba y probablemente minimizó a sabiendas el contraataque independentista de Cataluña tras el fracaso del procés, las luchas de poder con sus socios de gobierno encabezados por Pablo Iglesias, el menguante papel de España en el extranjero o el desastre económico actual que ha subido los niveles de corrupción y, sobre todo, de desempleo a límites estratosféricos. Que no cunda el pánico: Inocencio F. Arias vuelve para recordarnos, con lucidez e ironía, que Esta España nuestra está lejos de ser el país de luz y color que nos han vendido. La mentira es ya una seña de identidad.<br/><br/>Pero no se queda ahí: además reflexiona, con su humor característico y sin tomar rehenes, sobre la unidad de España, la memoria histórica, los retos a los que se enfrenta la Monarquía, el auge y la posterior pérdida de credibilidad de Biden, la Ley del Embudo de Podemos, las consecuencias de encolerizar torpemente a Marruecos, la debilitada posición de la Iglesia en España o la responsabilidad del gobierno en nuestra cuarteada imagen en el exterior, entre otros muchos temas. Y hasta se atreve con un fascinante relato de política-ficción sobre qué hubiera sucedido si la República hubiera ganado la Guerra Civil.
651 #7 - PUNTO DE ACCESO ADICIONAL DE MATERIA--NOMBRE GEOGRÁFICO
Nombre geográfico España-
Subdivisión general Política y gobierno-
Subdivisión cronológica S.XXI
9 (RLIN) 166701
700 ## - ENTRADA AGREGADA--NOMBRE PERSONAL
Nombre de persona Winogradow, Ana A
9 (RLIN) 235788
Término indicativo de función/relación Ilustrador
852 ## - LOCALIZACIÓN
Ubicación ES-MaACL
Sublocalización o colección R.155076
Ubicación en estantería Depósito J
Número de control de estantería N-9873
Encuadernación Encuadernación rústica con solapas
Donativo/Legado Donación: Editorial
itemnumber 205800
942 ## - ELEMENTOS DE ENTRADA SECUNDARIOS (KOHA)
Tipo de ítem Koha Libro impreso
Suprimir en OPAC No
Holdings
Estatus retirado Estado de pérdida Fuente del sistema de clasificación o colocación Estado de daño No para préstamo Biblioteca de origen Biblioteca actual Ubicación en estantería Fecha de adquisición Fuente de adquisición Número de control de estantería Total de préstamos Signatura topográfica completa Código de barras Visto por última vez Precio de reemplazo Tipo de ítem Koha
    Clasificación decimal universal     Biblioteca del Ateneo de Madrid Biblioteca del Ateneo de Madrid Depósito J 24/05/2025 Donación Ateneísta   N-9873 101230147 24/05/2025 24/05/2025 Libro impreso